| 000 | 00488nam a2200181 a 4500 | ||
|---|---|---|---|
| 001 | 5853 | ||
| 003 | CDMR | ||
| 005 | 20130524140820.0 | ||
| 008 | 130220s2001||||||||||||||||||||||||||||d | ||
| 040 |
_aCDMR _bcat _cCDMR |
||
| 100 | 1 |
_aPardo, Jesús _92875 |
|
| 245 | 1 | 0 |
_aMemorias de memoria _b: 1974-1988 _cJesús Pardo |
| 260 |
_aBarcelona _bAnagrama _c2001 |
||
| 300 |
_a335 p. ; _c17 cm |
||
| 490 | 0 |
_aNarrativas hispánicas _v301 |
|
| 650 | 0 | 4 |
_93074 _aPeriodistes _vBiografia |
| 942 |
_cMON _2udc |
||
| 999 |
_c5853 _d5853 |
||